书目信息 |
| 题名: |
叶紫文集
|
|
| 作者: | 叶紫 著 ;书林 主编 | |
| 分册: | ||
| 出版信息: | 北京 中国线装书局 2009.06 |
|
| 页数: | 316页 | |
| 开本: | 20cm | |
| 丛书名: | 中国近现代名人文萃 | |
| 单 册: | ||
| 中图分类: | I216.2 | |
| 科图分类: | ||
| 主题词: | 文学--作品综合集--中国--现代 | |
| 电子资源: | ||
| ISBN: | 978-7-80106-957-3 | |
| 000 | 00823nam 2200265 450 | |
| 001 | 1037545265 | |
| 005 | 20100805105737.54 | |
| 010 | @a978-7-80106-957-3@dCNY30.00 | |
| 100 | @a20100515d2009 km y0chiy0120 ea | |
| 101 | 0 | @achi |
| 102 | @aCN@b110000 | |
| 105 | @ay z 000yu | |
| 200 | 1 | @a叶紫文集@Aye zi wen ji@f叶紫著@Fye zi zhu@g书林主编@Gshu lin zhu bian |
| 210 | @a北京@c中国线装书局@d2009.06 | |
| 215 | @a316页@d20cm | |
| 225 | 2 | @a中国近现代名人文萃 |
| 330 | @a本书作者叶紫创作了大量的散文作品。本书包含了叶紫的多篇散文、短篇小说和中篇小说。 | |
| 410 | 0 | @12001 @a中国近现代名人文萃 |
| 600 | 0 | @a叶紫@f1910-1939@x文集 |
| 606 | 0 | @a文学@x作品综合集@y中国@z现代 |
| 690 | @aI216.2@v4 | |
| 701 | 0 | @a叶紫@Aye zi@4著 |
| 702 | 0 | @a书林@Ashu lin@4主编 |
| 801 | 0 | @aCN@c20100515 |
| 905 | @dI216.2@eY469@f5 | |
| 叶紫文集/叶紫著/书林主编.-北京:中国线装书局,2009.06 |
| 316页;20cm.-(中国近现代名人文萃) |
| ISBN 978-7-80106-957-3:CNY30.00 |
| 本书作者叶紫创作了大量的散文作品。本书包含了叶紫的多篇散文、短篇小说和中篇小说。 |
| ● |
| 相关链接 |
|
|
|
正题名:叶紫文集
索取号:I216.2/Y469
 
预约/预借
| 序号 | 登录号 | 条形码 | 馆藏地/架位号 | 状态 | 备注 |
| 1 | 996542 | 209965420 | 文学库108/108文学库 14排1列3层/ [索取号:I216.2/Y469] | 在馆 | |
| 2 | 996543 | 209965439 | 文学库108/400B社科库 30排2列6层/ [索取号:I216.2/Y469] | 在馆 | |
| 3 | 996544 | 209965448 | 文学库108/108文学库 14排1列3层/ [索取号:I216.2/Y469] | 在馆 | |
| 4 | 996545 | 209965457 | 文学库108/108文学库 14排1列3层/ [索取号:I216.2/Y469] | 在馆 | |
| 5 | 996546 | 209965466 | 文学库108/108文学库 14排1列3层/ [索取号:I216.2/Y469] | 在馆 |